000 00733nam a2200217 i 4500
001 107860
003 ES-MaACL
005 20230906184518.0
007 t|
008 061121s1964 sp r ||||1| spa d
100 1 _aMounic, Marcel.
_983873
245 1 0 _aTrabajos prácticos de electrónica /
_cM. Mounic, J. Ricard; traducción por Ramón Puigianer Trepat, Manuel Martí Recover.
250 _a1ª. ed.
260 _aBarcelona :
_bJosé Montesó,
_c1964.
300 _a2v. :
_bil. ;
_c22 cm.
650 4 _aElectrónica-
_vManuales de laboratorio.
_9154840
700 1 _aRicard, J.
_996850
700 1 _aPuigjaner Trepat, Ramón.
_994300
700 1 _aMartí Recover, Manuel.
_977236
852 _aES-MaACL
_jC-28118-9
_bR.57303
999 _c107860
_d107860